Online
Catalog

Tobogán de la sexualidad : (Record no. 51135)

MARC details
000 -CABECERA
campo de control de longitud fija 01166nam a2200289 a 4500
003 - IDENTIFICADOR DEL NÚMERO DE CONTROL
campo de control DO-SdBNP
005 - FECHA Y HORA DE LA ÚLTIMA TRANSACCIÓN
campo de control 20211228081106.0
007 - CAMPO FIJO DE DESCRIPCIÓN FÍSICA--INFORMACIÓN GENERAL
campo de control de longitud fija ta
008 - DATOS DE LONGITUD FIJA--INFORMACIÓN GENERAL
campo de control de longitud fija 211227e2019 dr a|||er|||| 001 0dspa d
020 ## - NÚMERO INTERNACIONAL ESTÁNDAR DEL LIBRO
Número Internacional Estándar del Libro 9789945169539
040 ## - FUENTE DE LA CATALOGACIÓN
Centro catalogador/agencia de origen DO-SdBNP
Lengua de catalogación spa
Centro/agencia transcriptor BNPHU
082 #4 - NÚMERO DE LA CLASIFICACIÓN DECIMAL DEWEY
Número de edición 22
Número de documento/Ítem B328t
100 1# - ENTRADA PRINCIPAL--NOMBRE DE PERSONA
Nombre de persona Bataller Alcoba, María Luz
9 (RLIN) 80889
245 10 - MENCIÓN DE TÍTULO
Título Tobogán de la sexualidad :
Resto del título acompañando a nuestros hijos en las etapas de su sexualidad. /
Mención de responsabilidad, etc. María Luz Bataller Alcoba, Angélica Rivera Mexía; Ilustraciones de Sofía Cantún del Castillo; Prólogo, Gattoni de Ferrari
260 ## - PUBLICACIÓN, DISTRIBUCIÓN, ETC.
Lugar de publicación, distribución, etc. Santo Domingo :
Nombre del editor, distribuidor, etc. Búho,
Fecha de publicación, distribución, etc. 2019
300 ## - DESCRIPCIÓN FÍSICA
Extensión 100 p. :
Otras características físicas il. ;
Dimensiones 23 cm.
500 ## - NOTA GENERAL
Nota general Incluye datos biográficos de las autoras en las solapas de la portada.
590 ## - NOTA LOCAL (RLIN)
Nota local Inventariado 2021 / MF
650 #0 - PUNTO DE ACCESO ADICIONAL DE MATERIA--TÉRMINO DE MATERIA
9 (RLIN) 26378
Término de materia o nombre geográfico como elemento de entrada Sexualidad infantil
Subdivisión general Relaciones sexuales
650 #0 - PUNTO DE ACCESO ADICIONAL DE MATERIA--TÉRMINO DE MATERIA
9 (RLIN) 73163
Término de materia o nombre geográfico como elemento de entrada Desarrollo infantil
Subdivisión de forma Guías
Subdivisión general Relaciones sexuales
650 #0 - PUNTO DE ACCESO ADICIONAL DE MATERIA--TÉRMINO DE MATERIA
9 (RLIN) 73163
Término de materia o nombre geográfico como elemento de entrada Desarrollo infantil
Subdivisión de forma Guías
700 1# - PUNTO DE ACCESO ADICIONAL--NOMBRE DE PERSONA
Nombre de persona Rivera Mexía, Angélica
9 (RLIN) 80890
700 1# - PUNTO DE ACCESO ADICIONAL--NOMBRE DE PERSONA
Nombre de persona Cantún del Catillo, Sofía
9 (RLIN) 80891
Código de función/relación il.
700 1# - PUNTO DE ACCESO ADICIONAL--NOMBRE DE PERSONA
Nombre de persona Ferrari, Gattoni de
Código de función/relación Prólogo
9 (RLIN) 80892
910 ## - DATOS DE OPCIÓN DEL USUARIO (OCLC)
Datos de opción del usuario MFéliz
942 ## - ELEMENTOS DE PUNTO DE ACCESO ADICIONAL (KOHA)
Fuente del sistema de clasificación o colocación Dewey Decimal Classification
Tipo de ítem Koha Libro
Holdings
Estado de retiro Estado de pérdida Fuente del sistema de clasificación o colocación Restricciones de uso No para préstamo Código de colección Localización permanente Ubicación/localización actual Ubicación en estantería Fecha de adquisición Fuente de adquisición Total de préstamos Signatura topográfica completa Código de barras Fecha visto por última vez Precio válido a partir de Tipo de ítem Koha Número de copia
    Dewey Decimal Classification Préstamo en sala   Dominicana de Servicio Biblioteca Nacional Pedro Henríquez Ureña Dominicana Depósito 04.07.2019 Depósito legal / Editora Búho   B328t 2021-28621 28.12.2021 28.12.2021 Libro y Folleto Colección Dominicana de Servicio e.3
    Dewey Decimal Classification Excluido de préstamo   Patrimonio Dominicano Biblioteca Nacional Pedro Henríquez Ureña Patrimonio Dominicano Depósito 04.07.2019 Depósito legal / Editora Búho   B328t 2021-28619 28.12.2021 28.12.2021 Libro y Folleto Colección Patrimonio Dominicano  
    Dewey Decimal Classification Excluido de préstamo   Patrimonio Dominicano Biblioteca Nacional Pedro Henríquez Ureña Patrimonio Dominicano Depósito 04.07.2019 Depósito legal / Editora Búho   B328t 2021-28620 28.12.2021 28.12.2021 Libro y Folleto Colección Patrimonio Dominicano e.2

Powered by Koha